00544pam a2200157 a 4500020000500000041000500005082001500010100002300025245007400048250001000122260003000132300001600162930000900178999001900187952018000206 c h a741.2bBAR aBarrington Barber. aLearn to draw 16- Week Course for Aspiring ArtistshTextual Documents a2018. aLondon:bArcturus London. a150:bHard. a8785 c242575d242575 001040708Text BooksaFAPbFAPd2019-03-15eBhararti Sahakari Grahak Bhandarg1398.00l2o741.2 BARpFAP-9954q2026-07-10r2026-07-03 16:21:43s2026-07-03t1w2023-03-07yBK